000 00658nam a22002057a 4500
003 OSt
005 20240724123836.0
008 240724b |||||||| |||| 00| 0 eng d
020 _a0-582-31734-7
040 _aMUST
_cMUST
_dMUST
082 _222
_a303.4
_bSOC
100 _aedited by schmidt Dragsbaek,Johannes...(etal...)
_919021
245 _aSocial change in southeast Asia/
_cedited by Johannes Dragsbaek,schmidt, jacques Hersh and Niles Fold
260 _aunited kingdom
_blongman
_c1998
300 _axv,239p. ;
_bill.
_c23cm.
504 _aindexes included
650 _asocial change
_97390
700 _aHersh Jacques
_917813
942 _2ddc
_cO_SHELF
999 _c9302
_d9302